| 000 | 00946nam a22002297a 4500 | ||
|---|---|---|---|
| 005 | 20240530110506.0 | ||
| 008 | 151012s2010 ua a g 000 0 ara d | ||
| 017 |
_a2010/24081 _bمصر . دار الكتب المصرية |
||
| 020 | _a9789773144830 | ||
| 040 | _aEG-CaGPL | ||
| 082 | 0 | 4 |
_221 _a215.1/ _bأ إ |
| 100 | 0 | _aاميرة بنت على مداح . | |
| 245 | 1 | 0 |
_aاهتمام العثمانيين بكسوة الكعبة المشرفة و تطويرها فى العصر الحديث / _cاعداد اميرة بنت على مداح . |
| 250 | _aط1. | ||
| 260 |
_aالقاهرة : _bمكتبة زهراء الشرق ، _c2010. |
||
| 300 |
_a62 ص ؛ _c24 سم . |
||
| 650 | 0 | 4 | _aكسوة الكعبة . |
| 650 | 0 | 4 |
_aكسوة الكعبة _xتاريخ _yالعصر الحديث . |
| 650 | 0 | 4 |
_aكسوة الكعبة _xتاريخ _xالعصر العثمانى . |
| 942 |
_2ddc _cBK |
||
| 999 |
_c61573 _d61573 |
||